000 00212nam a2200097Ia 4500
008 191206s9999 xx 000 0 und d
020 _a712680012
090 _aPS3557R335
245 4 _aTHE BRETHREN
260 _cc2000
999 _c17030
_d17030